000 00954nam a2200253 a 4500
001 000011097
005 20240412074223.0
008 091014s1999 dr 001 p spa d
040 _aDO-SdBNP
_bspa
_cBNPHU
082 _aRD861.44
_bC794p
100 1 _aCordero, Tulio,
_d1957-
_926594
245 1 0 _aPoesía junta :
_b1986-1959 /
_cTulio Cordero.
260 _aSanto Domingo :
_bConsejo Presidencial de Cultura de Talleres Literarios,
_c1999.
300 _a236 p. ;
_c28 cm.
490 1 _aSistema Nacional de Talleres Literarios
_v4
490 1 _aFin de siglo
504 _aLatido cierto -- Si el alba se tardara -- La se del junco
590 _aInventariado, 2018/BT
600 1 4 _aCORDERO, TULIO,
_d1957-
_xCRÍTICA E INTERPRETACIÓN
_926595
650 0 _aPoesía dominicana
_966
650 0 _aLiteratura dominicana.
_967
830 0 _aSistema Nacional de Talleres Literarios
_v4
_pFin de siglo
_926596
910 _aValidado. Control de calidad. MMOLINA
999 _c10822
_d10822